| 000 | 00660nam a2200217Ia 4500 | ||
|---|---|---|---|
| 005 | 20250508151142.0 | ||
| 008 | 008 250505s9999 xx 000 0 eng d | ||
| 037 | _aTextual | ||
| 040 |
_aFEDL _beng _cFEDL |
||
| 041 |
_aeng _2eng |
||
| 084 |
_a028.5, MEI _qFEDL |
||
| 100 |
_aMieigs Cornelia _9758552 |
||
| 245 | 0 | _aCritical history of children's literature | |
| 260 |
_aNew York, USA _bThe Macmillan Company _c1953 |
||
| 300 | _axxiv,624p. | ||
| 365 |
_aINR _b38 |
||
| 650 |
_aChildrens literature _9433450 |
||
| 700 |
_a Eaton Anne Nesbitt Elizabeth Viguers Ruth Hill _9758553 |
||
| 942 |
_cTEXL _h028.5, MEI |
||
| 999 |
_c1327915 _d1327915 |
||